000 00752nam a22002297a 4500
003 UA-OsUOA
001 58994
007 ta
008 20090304b un ||||| |||| 00| 0 ukr d
090 _a82.09(476+477)
_bН28
942 _cBK
040 _aUA-OsUOA
_bukr
_cUA-OsUOA
_dUA-OsUOA
245 _aНариси білорусько-українських літературних зв'язків
_bКультурно-історичні та літературознавчі аспекти проблеми
300 _a413 с.
955 _a2
041 _aukr
080 _a82.09(476+477)
020 _a966-522-103-5
260 _aК.
_c2003
650 7 _a82 Література. Літературознавство
_2UDC
999 _c345061
_d345061